000
00228nam a22000857a 4500
008
170607b xxu||||| |||| 00| 0 eng d
100
_9
3318
_a
Sharma. R. D
245
_a
The Story of Rice
260
_a
New Delhi
_b
National Book Trust
_c
2003
999
_c
6637
_d
6637